000 00423nam a2200181Ia 4500
999 _c27684
_d27684
003 OSt
005 20250728134231.0
008 200615s9999||||xx |||||||||||||| ||und||
020 _a979874464100
040 _cMUIT
082 _a650
_bMAR-N
100 _aNARGUNDKAR,RAJENDRA.
245 0 _aMARKETING STRATEGIES FOR EMERGING MARKETS
250 _a1ST
260 _bEXCEL BOOKS
_c2005
300 _a437
942 _cBK
_2ddc